| 000 | 00857nam a2200241 i 4500 | ||
|---|---|---|---|
| 001 | bg | ||
| 100 | 1 | _aREJMUND, Feliks | |
| 245 | 1 | 0 |
_aMetody akustyczne badania dynamiki wybranych procesów fizykochemicznych w ośrodkach materialnych / _cFeliks Rejmund. |
| 260 |
_aWarszawa : _bInstytut Podstawowych Problemów Techniki Polskiej Akademii Nauk, _c1999. |
||
| 300 |
_a75 s. : _brys., wykr. ; _c21 cm. |
||
| 490 | 1 |
_aPrace IPPT, _x0208-5658 ; _v6/1999 |
|
| 504 | _aBibliogr. s. 65-75. | ||
| 650 | 9 |
_aAkustyka _xmetody _xstosowanie |
|
| 650 | 9 |
_aCeramika _xmechanika _xbadanie |
|
| 650 | 9 |
_aNaprężenia i odkształcenia _xbadanie |
|
| 650 | 9 |
_aWytrzymałość materiałów _xbadanie |
|
| 830 |
_aPrace IPPT, _x0208-5658 ; |
||
| 040 | _cBPK | ||
| 041 | 0 | _apl | |
| 080 | _a620.1:539.3/.4:534.8 | ||
| 942 | _cKS | ||
| 008 | s pl f |000 0 pol | ||
| 999 |
_c35808 _d35808 |
||
| 856 |
_uhttp://koha.tu.koszalin.pl/cgi-bin/koha/opac-detail.pl?biblionumber=35808 _yKatalog online BPK |
||